000 00445nam a2200181Ia 4500
008 151018s9999 xx 000 0 und d
082 _bRBASDV46964
_a823
100 _aAshok Gosian
245 _aThe Little Match Seller
250 _b1
260 _bHar-Anand
_c2007
300 _a16
600 _aAshok Gosian
630 _aThe Little Match Seller
700 _aAshok Gosian
730 _aThe Little Match Seller
942 _cBOOK
999 _c1046113
_d1046110